Recursos Naturales y la Geopolítica de la Integración Sudamericana (Registro nro. 7298)

Detalles MARC
000 -CABECERA
Campo de control 00951nam a22002417a 4500
005 - FECHA Y HORA DE LA ULTIMA TRANSACCION
Campo de control 20130618133217.0
008 - ELEMENTOS DE LONGITUD FIJA—INFORMACION GENERAL
Campo de control 130605b2013 ve il. g ||||z00| 0 spa d
020 ## - ISBN
ISBN 9789800304297
040 ## - FUENTE DE CATALOGACIÓN
Agencia transcriptora IAVH
Agencia Modificadora IAVH
082 ## - NUMERO DE CLASIFICACION DECIMAL DEWEY
Número de clasificación 333.85
100 1# - ASIENTO PRINCIPAL--NOMBRE PERSONAL
Nombre personal Bruckmann, Mónica
245 10 - MENCION DE TITULO
Título Recursos Naturales y la Geopolítica de la Integración Sudamericana
Mención de responsabilidad Mónica Bruckmann
250 ## - MENCION DE EDICION
Mención de edición 1 ed.
260 ## - PUBLICACION, DISTRIBUCION, ETC. (PIE DE IMPRENTA)
Lugar de publicación, distribución, etc. Lima, Perú
Nombre del editor, distribuidor, etc. Instituto de Investigaciones Sociales Perumundo
-- Fondo Editorial José Carlos Mariátegui
Fecha de publicación, distribución, etc. 2012
300 ## - DESCRIPCION FISICA
Extensión 147 p.
Dimensiones 21 cm.
504 ## - NOTA DE BIBLIOGRAFIA, ETC.
Nota de bibliografía Incluye bibliografía (147-154)
520 ## - NOTA DE RESUMEN, ETC.
Nota de resumen La autora asume la discusión de uno de los temas estratégicos de la contemporaneidad en nuestra América: los recursos naturales y su demanda de explotación por el capital transnacional.
650 #0 - ASIENTO SECUNDARIO DE MATERIA - TERMINO TEMATICO
Término temático o nombre geográfico como elemento de entrada Recursos Naturales
650 #0 - ASIENTO SECUNDARIO DE MATERIA - TERMINO TEMATICO
Término temático o nombre geográfico como elemento de entrada Geopolitica
Subdivisión general Sudamerica
942 ## - ELEMENTOS ADICIONALES (KOHA)
Sistema de clasificación Dewey Decimal Classification
Tipo de ítem
Existencias
Withdrawn status Lost status Sistema de Clasificación Damaged status No para préstamo Colección Inventariado Ubicación Permanente Ubicación actual Fecha de adquisición Fuente de Valor Valor Total Checkouts Número topográfico Inventario / Código de Barras Date last seen Date checked out Ejemplar Price effective from Tipo de material
    Dewey Decimal Classification     General Inventariado 2017 Bogotá Bogotá 05/06/2013 Instituto 39000.00 1 LB 333.85 B888r 029654 06/06/2013 05/06/2013 Ej. 1 05/06/2013 Libro